000
00300nam a22001337a 4500
008
170227b xxu||||| |||| 00| 0 eng d
020
_a
10423680
041
_a
eng
080
_a
617
100
_a
5
101
_a
SHK
245
_a
NEUROSURGERY CLINICAL OF NORTH AMERICA
_c
STEIN, B.M
942
_2
udc
_c
BK
999
_c
6296
_d
6296